000 00615nam a2200229 i 4500
001 C2-0233773
003 PPAK
005 20180727194459.0
008 010610s1967 enk |||| ||||| | eng d
040 _aPPAK
_beng
_cPPAK
_erda
082 0 4 _a296
_223
090 0 0 _a296
_bCON
_dKSF
245 0 0 _aConfrontations with Judaism
264 1 _aLondon :
_bAnthony Blond Ltd. ,
_c1967
300 _a231 pages ;
_c22 cm
336 _2rdacontent
_atext
337 _2rdamedia
_aunmediated
338 _2rdacarrier
_avolume
650 1 0 _aJudaism - Confrontations
700 1 _aLongworth, Philip,
_eeditor
942 _ddc
_cB
999 _c50217
_d50217